000 00678nam a22002177a 4500
003 BUBTL
008 171120b xxu||||| |||| 00| 0 eng d
020 _a9780070700857
082 _a658.56/ G7911p/ 2010
100 _91517
_aGray, Clifford F.
245 _aProject Management:
_bThe Managerial Process/
_cGray, Clifford F.
250 _a4th
260 _aNew Delhi
_bMc Graw Hill
_cc2010
300 _a[xxi], 706p . :
_bill. Table, Graph ; 25cm .
500 _aIncludes Index .
650 0 _939
_aManagement
700 _91518
_aClifford F. Gray, Erik W. Larson and Gautam V. Desai
856 _k0
_l0
_yDownload
942 _2ddc
_cBK
999 _c5547
_d5547